Đặc sắc nghệ thuật tiểu thuyết Mùa lá rụng trong vườn của Ma Văn Kháng
Ma Văn Kháng và tác phẩm Mùa lá rụng trong vườn. Nghệ thuật trần thuật trong tiểu thuyết Mùa lá rụng trong vườn. Ngôn ngữ và giọng điệu trần thuật trong tiểu thuyết Mùa lá rụng trong vườn.
সংরক্ষণ করুন:
| প্রধান লেখক: | |
|---|---|
| অন্যান্য লেখক: | |
| বিন্যাস: | গ্রন্থ |
| প্রকাশিত: |
Đà Nẵng
Đại học Sư phạm, Đại học Đà Nẵng
2012
|
| বিষয়গুলি: | |
| ট্যাগগুলো: |
ট্যাগ যুক্ত করুন
কোনো ট্যাগ নেই, প্রথমজন হিসাবে ট্যাগ করুন!
|
| Thư viện lưu trữ: | Mạng thư viện Đại học Đà Nẵng |
|---|
| LEADER | 01792nam a2200337 4500 | ||
|---|---|---|---|
| 001 | 000017105 | ||
| 003 | 13516 | ||
| 005 | 20130301160323.0 | ||
| 008 | 130301s2012 sd | ||
| 082 | |a 895.9223 |b NG-P | ||
| 100 | 1 | |a Nguyễn Thị Phú | |
| 245 | |a Đặc sắc nghệ thuật tiểu thuyết Mùa lá rụng trong vườn của Ma Văn Kháng |c Nguyễn Thị Phú ; Nguyễn Phong Nam hướng dẫn |k Khóa luận tốt nghiệp | ||
| 260 | |a Đà Nẵng |b Đại học Sư phạm, Đại học Đà Nẵng |c 2012 | ||
| 300 | |a 58 tr. |c 29 cm. |e Đĩa CD | ||
| 500 | |a Khóa luận tốt nghiệp đại học. Chuyên ngành: Sư phạm văn | ||
| 504 | |a Mục lục đầu trang, tài liệu tham khảo tr. 73 - 74, phụ lục [13 tr.] | ||
| 520 | |a Ma Văn Kháng và tác phẩm Mùa lá rụng trong vườn. Nghệ thuật trần thuật trong tiểu thuyết Mùa lá rụng trong vườn. Ngôn ngữ và giọng điệu trần thuật trong tiểu thuyết Mùa lá rụng trong vườn. | ||
| 600 | 1 | 4 | |a Ma Văn Kháng |b Vua |c Đinh Tiên Hoàng |d 1936- |t Mùa lá rụng trong vườn |
| 650 | 0 | 4 | |a Tiểu thuyết Việt Nam |v Khóa luận tốt nghiệp |x Nghiên cứu |z Việt Nam |
| 653 | |a Tiểu thuyết |a Khoa Ngữ văn | ||
| 700 | |a Nguyễn Phong Nam |c PGS.TS |e Hướng dẫn | ||
| OWN | |a LSP | ||
| AVA | |a UDN50 |b LSP |d 895.9223 NG-P |e available |t Error 5001 Not defined in file expand_doc_bib_avail. |f 1 |g 0 |h N |i 0 |k 1 | ||
| 999 | |a From the UDN01 | ||
| AVA | |a UDN50 |b LSP |d 895.9223 NG-P |e available |t Error 5001 Not defined in file expand_doc_bib_avail. |f 1 |g 0 |h N |i 0 |k 1 | ||
| TYP | |a Monograph | ||
| TYP | |a Printed language | ||
| 980 | |a Mạng thư viện Đại học Đà Nẵng | ||